Tai Sanskritir Ruprekha / (Record no. 4904)
[ view plain ]
| 000 -LEADER | |
|---|---|
| fixed length control field | 00666nam a2200241Ia 4500 |
| 001 - CONTROL NUMBER | |
| control field | 4917 |
| 008 - FIXED-LENGTH DATA ELEMENTS--GENERAL INFORMATION | |
| fixed length control field | 190822s1985 ii g b000 u asm u |
| 020 ## - INTERNATIONAL STANDARD BOOK NUMBER | |
| International Standard Book Number | 8173390797 |
| 082 ## - DEWEY DECIMAL CLASSIFICATION NUMBER | |
| Classification number | 309 |
| 100 ## - MAIN ENTRY--PERSONAL NAME | |
| Personal name | Gogoi, Lila ., |
| Relator term | Author. |
| 245 #0 - TITLE STATEMENT | |
| Title | Tai Sanskritir Ruprekha / |
| Statement of responsibility, etc. | Lila Gogoi. |
| Medium | Textual Documents |
| 250 ## - EDITION STATEMENT | |
| Edition statement | 3rd ed. / 4th ed / |
| 260 ## - PUBLICATION, DISTRIBUTION, ETC. | |
| Place of publication, distribution, etc. | Culcutta : : |
| Name of publisher, distributor, etc. | Bhumika Prakashan , , |
| Date of publication, distribution, etc. | 1985. 1994(4th ed). |
| 300 ## - PHYSICAL DESCRIPTION | |
| Extent | 268p. ; |
| Dimensions | 22cm. |
| 500 ## - GENERAL NOTE | |
| General note | Acc No 1511/Cu is of 4th ed (1994) |
| 504 ## - BIBLIOGRAPHY, ETC. NOTE | |
| Bibliography, etc. note | Bib. |
| 653 ## - INDEX TERM--UNCONTROLLED | |
| Uncontrolled term | Tai Culture-Assam |
| 653 ## - INDEX TERM--UNCONTROLLED | |
| Uncontrolled term | G-Sociology |
| 653 ## - INDEX TERM--UNCONTROLLED | |
| Uncontrolled term | PG-Sociology |
| 653 ## - INDEX TERM--UNCONTROLLED | |
| Uncontrolled term | G-Assamese |
| 653 ## - INDEX TERM--UNCONTROLLED | |
| Uncontrolled term | T/G-Folklore |
| 942 ## - ADDED ENTRY ELEMENTS (KOHA) | |
| Source of classification or shelving scheme | Dewey Decimal Classification |
| Koha item type | Books |
| Withdrawn status | Lost status | Damaged status | Not for loan | Home library | Current library | Date acquired | Coded location qualifier | Total checkouts | Full call number | Barcode | Date last seen | Copy number | Price effective from | Koha item type | Collection | Shelving location |
|---|---|---|---|---|---|---|---|---|---|---|---|---|---|---|---|---|
| Dr. Suryya Kumar Bhuyan Library | Dr. Suryya Kumar Bhuyan Library | 01/02/2012 | 00000 | 309 Go 557 Ta | 5377/As | 13/01/2024 | 5 | 01/02/2012 | Books | |||||||
| Dr. Suryya Kumar Bhuyan Library | Dr. Suryya Kumar Bhuyan Library | 01/02/2012 | 00000 | 309 Go 557 Ta | 1511/cu | 13/01/2024 | 7 | 01/02/2012 | Books | |||||||
| Dr. Suryya Kumar Bhuyan Library | Dr. Suryya Kumar Bhuyan Library | 01/02/2012 | 00000 | 309 Go 557 Ta | 2323/As | 13/01/2024 | 2 | 01/02/2012 | Books | |||||||
| Dr. Suryya Kumar Bhuyan Library | Dr. Suryya Kumar Bhuyan Library | 01/02/2012 | 00000 | 309 Go 557 Ta | 2487/New | 13/01/2024 | 4 | 01/02/2012 | Books | |||||||
| Dr. Suryya Kumar Bhuyan Library | Dr. Suryya Kumar Bhuyan Library | 01/02/2012 | 00000 | 309 Go 557 Ta | 3265/As | 13/01/2024 | 1 | 01/02/2012 | Books | |||||||
| Dr. Suryya Kumar Bhuyan Library | Dr. Suryya Kumar Bhuyan Library | 01/02/2012 | 00000 | 309 Go 557 Ta | 3928/As | 13/01/2024 | 3 | 01/02/2012 | Books | |||||||
| Dr. Suryya Kumar Bhuyan Library | Dr. Suryya Kumar Bhuyan Library | 01/02/2012 | 00000 | 309 Go 557 Ta | 4638/New | 13/01/2024 | 6 | 01/02/2012 | Books |
